Officia sanctorum in Breviario romano ex mandato Summorum Pontificum apponenda tàm de praecepto, quàm ad libitum recitanda. Et alia quae in regnis hispaniarum , & aliis locis recitari possunt, iuxtà Rubricas Breviarii romani, ex Dec. Sac. Rit. Congr. auctoritate superiorum nivissimè recognita

Detalles Bibliográficos
Autor Corporativo: Iglesia Católica
Formato: Libro
Lenguaje:Undetermined
Latin
Publicado: Matriti : ex typograph. Ioannes Infanson, 1705.
Materias:
Colección:Banco de datos
Acervo:Museo Virreinal de Zinacantepec. Estado de México
Descripción Física:[1] h., 164 p. ; 4°
Tema general:Liturgia
Notas:Portada con orla y grabado central xilográfico. Encuadernación en pergamino (1095, 2590). Marca de fuego: Convento de Carmelitas Descalzos de Toluca, Estado de México (1095). Sello en tinta de la Biblioteca Pública, Toluca, México (1095)
LEADER 00982nam a2200169Ia 4500
008 150723s9999 xx 000 0 und d
041 0 |a lat 
110 1 |a Iglesia Católica 
245 1 0 |a Officia sanctorum in Breviario romano ex mandato Summorum Pontificum apponenda tàm de praecepto, quàm ad libitum recitanda. Et alia quae in regnis hispaniarum , & aliis locis recitari possunt, iuxtà Rubricas Breviarii romani, ex Dec. Sac. Rit. Congr. auctoritate superiorum nivissimè recognita 
260 |a Matriti : ex typograph. Ioannes Infanson, 1705. 
300 |a [1] h., 164 p. ; 4° 
500 |a Portada con orla y grabado central xilográfico. Encuadernación en pergamino (1095, 2590). Marca de fuego: Convento de Carmelitas Descalzos de Toluca, Estado de México (1095). Sello en tinta de la Biblioteca Pública, Toluca, México (1095) 
650 1 0 |a Liturgia 
949 |a 1095, 2590 
942 |c ZINACA 
943 |g Museo Virreinal de Zinacantepec. Estado de México 
999 |c 1105689  |d 1105689